Khảo sát năng suất sinh trưởng và tỉ lệ tiêu hóa dưỡng chất của khẩu phần có bổ sung dịch thủy phân mực và tôm trên vịt xiêm Pháp : Luận văn tốt nghiệp Cao học. Chuyên ngành Chăn nuôi

Nghiên cứu nhằm tìm ra mức độ sử dụng dịch mực thủy phân và tôm thủy phân thích hợp cho chăn nuôi vịt xiêm thịt, so sánh hiệu quả kinh tế khi sử dụng dịch thủy phân mực, tôm và khẩu phần cơ sở.

Salvato in:
Dettagli Bibliografici
Autore principale: Nguyễn, Văn Phương
Natura: Libro
Lingua:Undetermined
Pubblicazione: Cần Thơ Trường Đại học Cần Thơ 2017
Soggetti:
Tags: Aggiungi Tag
Nessun Tag, puoi essere il primo ad aggiungerne! !
Thư viện lưu trữ: Trung tâm Học liệu Trường Đại học Cần Thơ
LEADER 01215nam a2200217Ia 4500
001 CTU_225074
008 210402s9999 xx 000 0 und d
082 |a 636.597 
082 |b Ph561 
100 |a Nguyễn, Văn Phương 
245 0 |a Khảo sát năng suất sinh trưởng và tỉ lệ tiêu hóa dưỡng chất của khẩu phần có bổ sung dịch thủy phân mực và tôm trên vịt xiêm Pháp : 
245 0 |b Luận văn tốt nghiệp Cao học. Chuyên ngành Chăn nuôi 
245 0 |c Nguyễn Văn Phương ; Phạm Tấn Nhã (Cán bộ hướng dẫn) 
260 |a Cần Thơ 
260 |b Trường Đại học Cần Thơ 
260 |c 2017 
520 |a Nghiên cứu nhằm tìm ra mức độ sử dụng dịch mực thủy phân và tôm thủy phân thích hợp cho chăn nuôi vịt xiêm thịt, so sánh hiệu quả kinh tế khi sử dụng dịch thủy phân mực, tôm và khẩu phần cơ sở. 
650 |a Gia cầm,Poultry 
650 |x Chăn nuôi,Breeding 
910 |b nthai 
980 |a Trung tâm Học liệu Trường Đại học Cần Thơ